[Event "Danmarksmesterskabet 2022"]
[Site "Svendborg"]
[Date "2022.04.14"]
[Round "6"]
[White "Thybo, Jesper Sondergaard"]
[Black "Borge, Nikolaj"]
[Result "1-0"]
[WhiteElo "2559"]
[BlackElo "2403"]
[PlyCount "149"]
[EventDate "2022.04.09"]
[EventType "tourn"]
[EventRounds "9"]
[EventCountry "DEN"]

1. Nf3 d5 2. g3 b6 3. Bg2 Bb7 4. c4 dxc4 5. Na3 Nf6 6. Nxc4 e6 7. Nce5 Qc8 8.
d4 Be7 9. O-O O-O 10. Bg5 h6 11. Bxf6 Bxf6 12. Rc1 Be4 13. Ng4 Be7 14. Qd2 Qb7
15. Qf4 c5 16. dxc5 bxc5 17. Rfd1 f5 18. Nge5 Bf6 19. Nc4 Bd5 20. b3 Na6 21.
Ne3 Be4 22. Nd2 Bxg2 23. Nxg2 Nb4 24. a3 Nd5 25. Qf3 Qa6 26. Nc4 Rad8 27. Rd3
Ne7 28. Rcd1 Rd4 29. e3 Rxd3 30. Rxd3 e5 31. Qd1 Qb5 32. a4 Qb4 33. Qd2 Qb8 34.
Qd1 Qb4 35. Qd2 Qb8 36. Qc2 Rd8 37. Qd1 Rxd3 38. Qxd3 e4 39. Qd1 g5 40. Ne1 Kg7
41. Ng2 Qb4 42. h4 Qb7 43. hxg5 hxg5 44. Nd6 Qd7 45. Qd2 Be5 46. Nxe4 Qxd2 47.
Nxd2 Bc3 48. Nc4 Nd5 49. Kf1 Nb4 50. Ke2 Kf6 51. Nd6 Be5 52. Nb7 Na6 53. Kd3
Kg6 54. Kc4 Kh5 55. f4 Bf6 56. Nd6 Kg4 57. Nf7 gxf4 58. Nxf4 Ba1 59. Nd6 Be5
60. Nf7 Bc7 61. Nh6+ Kg5 62. Kb5 Nb4 63. Ne6+ Kxh6 64. Nxc7 Kg5 65. Kxc5 Nc2
66. Nd5 Kg4 67. b4 Kxg3 68. b5 Kf3 69. a5 Nxe3 70. Nxe3 Kxe3 71. b6 axb6+ 72.
axb6 f4 73. b7 f3 74. b8=Q f2 75. Qb5 1-0

[Event "Danmarksmesterskabet 2022"]
[Site "Svendborg"]
[Date "2022.04.14"]
[Round "6"]
[White "Schandorff, Lars"]
[Black "Boe Olsen, Filip"]
[Result "1/2-1/2"]
[WhiteElo "2475"]
[BlackElo "2402"]
[PlyCount "62"]
[EventDate "2022.04.09"]
[EventType "tourn"]
[EventRounds "9"]
[EventCountry "DEN"]

1. c4 e6 2. Nf3 Nf6 3. Nc3 d5 4. e3 b6 5. b3 Bb7 6. Bb2 Nbd7 7. cxd5 exd5 8.
Rc1 a6 9. d4 Bd6 10. g3 O-O 11. Bg2 Re8 12. O-O Ne4 13. Qc2 Qe7 14. Ne5 Nxe5
15. Nxe4 Nf3+ 16. Bxf3 dxe4 17. Bg2 h5 18. Rce1 h4 19. f4 exf3 20. Bxf3 Bxf3
21. Rxf3 Qe4 22. Qxe4 Rxe4 23. Kf2 Rae8 24. Rg1 Kf8 25. gxh4 Rxh4 26. h3 f6 27.
Bc3 Kf7 28. Be1 Rhe4 29. Bc3 Rh4 30. Be1 Rhe4 31. Bc3 Rh4 1/2-1/2

[Event "Danmarksmesterskabet 2022"]
[Site "Svendborg"]
[Date "2022.04.14"]
[Round "6"]
[White "Haubro, Martin"]
[Black "Hoi, Carsten"]
[Result "1-0"]
[WhiteElo "2391"]
[BlackElo "2359"]
[PlyCount "113"]
[EventDate "2022.04.09"]
[EventType "tourn"]
[EventRounds "9"]
[EventCountry "DEN"]

1. e4 e5 2. Nf3 Nc6 3. Bb5 a6 4. Ba4 d6 5. O-O Bd7 6. c3 g6 7. d4 Bg7 8. h3 Nf6
9. Re1 O-O 10. Nbd2 Nh5 11. Nf1 h6 12. Be3 Qe7 13. Bc2 Kh7 14. g4 Nf6 15. d5
Nd8 16. N3h2 Ng8 17. Ng3 f6 18. Qd2 Nf7 19. b4 Qe8 20. c4 Ne7 21. Kg2 Qc8 22.
Qd3 Kg8 23. Kh1 a5 24. c5 axb4 25. Qd2 Ng5 26. h4 Nh3 27. f3 Ba4 28. Bd3 Nf4
29. Bc4 Bd7 30. Qxb4 Ra4 31. Qc3 Kh7 32. Bb3 Ra8 33. Rac1 f5 34. exf5 Nexd5 35.
fxg6+ Kh8 36. Qd2 Nxe3 37. Rxe3 d5 38. Bxd5 Nxd5 39. Qxd5 Bc6 40. Qb3 Qd8 41.
Nf5 Rxf5 42. gxf5 Qxh4 43. Rce1 Rd8 44. Rd1 Rf8 45. Qd3 Qh3 46. Rg1 Rxf5 47.
Rg3 Qh5 48. Kg2 Rf8 49. Ng4 e4 50. fxe4 Qxc5 51. Ref3 Re8 52. Nf2 Qb4 53. Rg4
Qb2 54. Rf7 Qe5 55. Qf3 Qe6 56. Qf4 Qd6 57. Rxg7 1-0

[Event "Danmarksmesterskabet 2022"]
[Site "Svendborg"]
[Date "2022.04.15"]
[Round "7"]
[White "Hoi, Carsten"]
[Black "Percivaldi, Martin"]
[Result "1/2-1/2"]
[WhiteElo "2359"]
[BlackElo "2399"]
[PlyCount "60"]
[EventDate "2022.04.09"]
[EventType "tourn"]
[EventRounds "9"]
[EventCountry "DEN"]

1. c4 e6 2. d4 d5 3. Nc3 c6 4. Nf3 Nf6 5. cxd5 exd5 6. Bg5 h6 7. Bh4 Be7 8. Qc2
g6 9. e3 Bf5 10. Bd3 Bxd3 11. Qxd3 Nbd7 12. O-O-O Nh5 13. g4 Nf4 14. exf4 Bxh4
15. f5 gxf5 16. Rde1+ Kf8 17. Qxf5 Bg5+ 18. Kc2 Qf6 19. Qd3 Qg6 20. Ne2 Qxd3+
21. Kxd3 Nf6 22. h3 Ne4 23. Rhf1 h5 24. h4 Be7 25. g5 Bb4 26. Rd1 Bd6 27. Ne5
Kg7 28. f3 Nc5+ 29. dxc5 Bxe5 30. b3 Rae8 1/2-1/2

[Event "Danmarksmesterskabet 2022"]
[Site "Svendborg"]
[Date "2022.04.15"]
[Round "7"]
[White "Sylvan, Jacob"]
[Black "Thybo, Jesper Sondergaard"]
[Result "1/2-1/2"]
[WhiteElo "2319"]
[BlackElo "2559"]
[PlyCount "110"]
[EventDate "2022.04.09"]
[EventType "tourn"]
[EventRounds "9"]
[EventCountry "DEN"]

1. e4 e5 2. Nf3 Nc6 3. Bc4 Bc5 4. c3 Nf6 5. d4 exd4 6. e5 d5 7. Bb5 Ne4 8. cxd4
Bb6 9. Nc3 O-O 10. Be3 Bg4 11. h3 Bh5 12. Qc2 Nxc3 13. bxc3 f6 14. exf6 Qxf6
15. Be2 Na5 16. O-O Bxf3 17. Bxf3 c6 18. Rae1 Nc4 19. Bc1 Qg6 20. Qxg6 hxg6 21.
Rd1 Ba5 22. Rd3 Rae8 23. Bd1 Bc7 24. h4 Bf4 25. Bxf4 Rxf4 26. g3 Rfe4 27. Bf3
R4e7 28. Kg2 a5 29. Rh1 a4 30. Bg4 Re4 31. Bf3 Re1 32. Rxe1 Rxe1 33. Rd1 Re7
34. Kf1 a3 35. Be2 Nb2 36. Rd2 b5 37. Bd1 Kf7 38. Bc2 Nc4 39. Re2 Rb7 40. Bd3
Nb2 41. Re3 Nc4 42. Re2 Nd6 43. Re3 b4 44. cxb4 Rxb4 45. Rf3+ Ke6 46. Bxg6 Nb5
47. Re3+ Kd6 48. h5 Rb2 49. Re2 Nc3 50. Re3 Nb5 51. Re2 Rxe2 52. Kxe2 Nc3+ 53.
Kd2 Nxa2 54. g4 Nb4 55. Kc3 a2 1/2-1/2

[Event "Danmarksmesterskabet 2022"]
[Site "Svendborg"]
[Date "2022.04.15"]
[Round "7"]
[White "Borge, Nikolaj"]
[Black "Schandorff, Lars"]
[Result "1/2-1/2"]
[WhiteElo "2403"]
[BlackElo "2475"]
[PlyCount "123"]
[EventDate "2022.04.09"]
[EventType "tourn"]
[EventRounds "9"]
[EventCountry "DEN"]

1. e4 e5 2. Nf3 Nc6 3. Bc4 Bc5 4. O-O Nf6 5. d3 d6 6. c3 a5 7. Re1 O-O 8. Nbd2
Be6 9. Bb5 Ne7 10. d4 Ba7 11. Bd3 Ng6 12. h3 Nh5 13. Nc4 Nhf4 14. Bf1 exd4 15.
Nxd4 d5 16. exd5 Bxd5 17. Bxf4 Nxf4 18. Qg4 Ng6 19. Ne3 Bxd4 20. Qxd4 Be6 21.
Red1 Qxd4 22. cxd4 c6 23. d5 cxd5 24. Nxd5 Rad8 25. Nb6 Rxd1 26. Rxd1 Bxa2 27.
Ra1 Be6 28. Rxa5 Ne7 29. Bb5 Rd8 30. Ra7 Rb8 31. Nd7 Bxd7 32. Bxd7 Nc6 33. Ra3
Rd8 34. Bg4 g6 35. Rb3 h5 36. Bf3 Rd7 37. Rb6 Rc7 38. b4 Kf8 39. Kh2 Ke7 40.
Kg3 Nd8 41. Kf4 Rc2 42. Bxb7 Rxf2+ 43. Bf3 Rb2 44. Ke5 Rd2 45. Ra6 f6+ 46. Ke4
Ne6 47. Ke3 Rb2 48. Rb6 Rb3+ 49. Kd2 Nd4 50. Be4 g5 51. Bd3 Ra3 52. Ra6 Rxa6
53. Bxa6 Kd6 54. Kd3 Ne6 55. Ke4 Nf4 56. Bf1 h4 57. Kf5 Nd5 58. Bc4 Ne3+ 59.
Kxf6 Nxc4 60. Kxg5 Ne3 61. Kxh4 Nxg2+ 62. Kg3 1/2-1/2

[Event "Danmarksmesterskabet 2022"]
[Site "Svendborg"]
[Date "2022.04.15"]
[Round "7"]
[White "Boe Olsen, Filip"]
[Black "Bjerre, Jonas Buhl"]
[Result "1-0"]
[WhiteElo "2402"]
[BlackElo "2611"]
[PlyCount "55"]
[EventDate "2022.04.09"]
[EventType "tourn"]
[EventRounds "9"]
[EventCountry "DEN"]

1. d4 Nf6 2. c4 e6 3. Nc3 Bb4 4. Qc2 d5 5. a3 Bxc3+ 6. Qxc3 b6 7. Nf3 Ba6 8. e3
Nbd7 9. b4 c5 10. dxc5 bxc5 11. b5 Bb7 12. Be2 O-O 13. Bb2 e5 14. Nxe5 Ne4 15.
Nc6 Qg5 16. Qc2 Qxg2 17. O-O-O Qxf2 18. cxd5 Nd6 19. Rhg1 Qxe3+ 20. Kb1 f6 21.
Rg3 Qe4 22. Bd3 Qh4 23. Qg2 g6 24. Rh3 Qg5 25. Ne7+ Kf7 26. Rxh7+ Ke8 27. Qxg5
fxg5 28. Nc6 1-0

[Event "Danmarksmesterskabet 2022"]
[Site "Svendborg"]
[Date "2022.04.15"]
[Round "7"]
[White "Ochsner, Bjorn Moller"]
[Black "Haubro, Martin"]
[Result "0-1"]
[WhiteElo "2506"]
[BlackElo "2391"]
[PlyCount "72"]
[EventDate "2022.04.09"]
[EventType "tourn"]
[EventRounds "9"]
[EventCountry "DEN"]

1. Nf3 d5 2. g3 Nd7 3. d4 Nb6 4. a4 a5 5. Nc3 Nf6 6. Bg2 Bf5 7. Nh4 e6 8. Nxf5
exf5 9. Qd3 g6 10. Bg5 Bg7 11. h4 c6 12. h5 h6 13. Bf4 Nxh5 14. Rxh5 gxh5 15.
O-O-O h4 16. Bh3 Qe7 17. Bxf5 Nc4 18. Kb1 Nd6 19. Bxd6 Qxd6 20. e4 dxe4 21.
Nxe4 Qe7 22. gxh4 Rd8 23. c3 Qxh4 24. Rg1 Kf8 25. Qf3 Qe7 26. Ng3 Qg5 27. Rh1
h5 28. Ne4 Qh6 29. Qg3 h4 30. Qc7 Bf6 31. Ka2 Be7 32. f3 Rg8 33. Ka1 Qe3 34.
Rh3 Rg2 35. Qb6 Rd5 36. f4 Qc1+ 0-1

[Event "Danmarksmesterskabet 2022"]
[Site "Svendborg"]
[Date "2022.04.16"]
[Round "8"]
[White "Percivaldi, Martin"]
[Black "Ochsner, Bjorn Moller"]
[Result "0-1"]
[WhiteElo "2399"]
[BlackElo "2506"]
[PlyCount "78"]
[EventDate "2022.04.09"]
[EventType "tourn"]
[EventRounds "9"]
[EventCountry "DEN"]

1. d4 Nf6 2. c4 g6 3. f3 Bg7 4. e4 d6 5. Nc3 O-O 6. Nge2 c5 7. d5 e6 8. Ng3
exd5 9. cxd5 h5 10. Bg5 a6 11. a4 Qc7 12. Qd2 Nh7 13. Bh6 h4 14. Bxg7 Kxg7 15.
Nge2 Qe7 16. Nf4 Nd7 17. Be2 Ne5 18. O-O Bd7 19. Rab1 Qg5 20. b4 c4 21. Bd1 Kg8
22. Bc2 b5 23. a5 f5 24. Nce2 fxe4 25. fxe4 Rf6 26. Rf2 Raf8 27. Rbf1 Ng4 28.
Rf3 Ne5 29. R3f2 Ng4 30. Rf3 Qh6 31. Qd4 Ne5 32. R3f2 Ng4 33. Rf3 Ng5 34. Ra3
Ne5 35. Qa7 Bg4 36. Raa1 Bxe2 37. Nxe2 Nh3+ 38. gxh3 Qg5+ 39. Ng3 hxg3 0-1

[Event "Danmarksmesterskabet 2022"]
[Site "Svendborg"]
[Date "2022.04.16"]
[Round "8"]
[White "Thybo, Jesper Sondergaard"]
[Black "Hoi, Carsten"]
[Result "1/2-1/2"]
[WhiteElo "2559"]
[BlackElo "2359"]
[PlyCount "107"]
[EventDate "2022.04.09"]
[EventType "tourn"]
[EventRounds "9"]
[EventCountry "DEN"]

1. Nf3 Nf6 2. c4 g6 3. Nc3 Bg7 4. d4 O-O 5. e4 d6 6. Be2 Bg4 7. Be3 Nfd7 8. O-O
e5 9. d5 a5 10. Rb1 Na6 11. a3 f5 12. h3 Bxf3 13. Bxf3 Bf6 14. Bh6 Bg7 15. Bd2
Bf6 16. b4 axb4 17. axb4 Bg5 18. Be1 Kh8 19. Be2 Nf6 20. Qc2 c5 21. dxc6 bxc6
22. exf5 gxf5 23. Qxf5 Nd5 24. Qg4 Nf4 25. Bd2 Nc7 26. Ne4 Bh6 27. g3 Rg8 28.
Qf3 Nce6 29. Bxf4 Nxf4 30. Kh2 d5 31. cxd5 cxd5 32. Nc5 e4 33. Qe3 Qf6 34. Bg4
Nxh3 35. Qb3 Nxf2 36. Kg2 e3 37. Qxd5 Rad8 38. Qf5 Qxf5 39. Bxf5 Rd2 40. Nb3
Rdd8 41. Nc1 Rge8 42. Ne2 Rd2 43. Rfe1 Rf8 44. g4 Nd3 45. Bxd3 Rf2+ 46. Kh1
Rxd3 47. b5 Rd2 48. b6 Rdxe2 49. Rxe2 Rxe2 50. b7 Bf4 51. b8=Q+ Bxb8 52. Rxb8+
Kg7 53. Kg1 Kf6 54. Rb5 1/2-1/2

[Event "Danmarksmesterskabet 2022"]
[Site "Svendborg"]
[Date "2022.04.16"]
[Round "8"]
[White "Schandorff, Lars"]
[Black "Sylvan, Jacob"]
[Result "1-0"]
[WhiteElo "2475"]
[BlackElo "2319"]
[PlyCount "65"]
[EventDate "2022.04.09"]
[EventType "tourn"]
[EventRounds "9"]
[EventCountry "DEN"]

1. Nf3 d5 2. g3 Nf6 3. Bg2 e6 4. O-O c5 5. c4 d4 6. e3 Nc6 7. exd4 cxd4 8. d3
Bd6 9. Bg5 h6 10. Bxf6 Qxf6 11. Nbd2 Qe7 12. a3 a5 13. Re1 O-O 14. Nb3 Qf6 15.
Nfd2 Bc7 16. c5 a4 17. Ne4 Qg6 18. Nbd2 e5 19. Nc4 Bg4 20. Qc2 f5 21. Ned6 e4
22. dxe4 f4 23. Qd2 Qg5 24. e5 Ba5 25. Nxa5 fxg3 26. f4 Rxf4 27. Nac4 gxh2+ 28.
Kh1 Raf8 29. Ne4 Qh4 30. Nf6+ R8xf6 31. exf6 Rf2 32. f7+ Kxf7 33. Qxf2+ 1-0

[Event "Danmarksmesterskabet 2022"]
[Site "Svendborg"]
[Date "2022.04.16"]
[Round "8"]
[White "Boe Olsen, Filip"]
[Black "Borge, Nikolaj"]
[Result "1/2-1/2"]
[WhiteElo "2402"]
[BlackElo "2403"]
[PlyCount "97"]
[EventDate "2022.04.09"]
[EventType "tourn"]
[EventRounds "9"]
[EventCountry "DEN"]

1. d4 d5 2. c4 dxc4 3. Nf3 Nf6 4. e3 e6 5. Bxc4 c5 6. O-O a6 7. a4 Nc6 8. Nc3
Be7 9. Qe2 cxd4 10. Rd1 d3 11. Bxd3 Qc7 12. e4 Ng4 13. g3 Bc5 14. Rf1 f6 15.
Kg2 O-O 16. h3 Nge5 17. Nxe5 Nd4 18. Qg4 fxe5 19. Be3 Nb3 20. Rad1 Bxe3 21.
fxe3 Bd7 22. Bc2 Na5 23. Qe2 Rxf1 24. Rxf1 Qc5 25. Bd3 Rc8 26. Qh5 Be8 27. Qg4
Qe7 28. Qe2 Bg6 29. Bb1 Nb3 30. Ba2 Nc5 31. Qc4 Rc6 32. Qb4 b6 33. a5 Qc7 34.
axb6 Rxb6 35. Qc4 Qc6 36. Kg1 h5 37. Rc1 Rxb2 38. Nd1 Rd2 39. Nf2 Qa4 40. Qxa4
Nxa4 41. Bxe6+ Kf8 42. Rc6 a5 43. Bd5 Be8 44. Ra6 Re2 45. Rxa5 Rxe3 46. Kg2 Nc3
47. Bc4 Nxe4 48. Rxe5 Bc6 49. Nxe4 1/2-1/2

[Event "Danmarksmesterskabet 2022"]
[Site "Svendborg"]
[Date "2022.04.16"]
[Round "8"]
[White "Bjerre, Jonas Buhl"]
[Black "Haubro, Martin"]
[Result "1-0"]
[WhiteElo "2611"]
[BlackElo "2391"]
[PlyCount "37"]
[EventDate "2022.04.09"]
[EventType "tourn"]
[EventRounds "9"]
[EventCountry "DEN"]

1. e4 c5 2. Nf3 d6 3. Bb5+ Nd7 4. d4 cxd4 5. Nxd4 Ngf6 6. Bd3 e5 7. Nb3 d5 8.
exd5 Nxd5 9. O-O N5f6 10. Re1 Be7 11. Nc3 O-O 12. Bg5 Nd5 13. Qh5 g6 14. Bxe7
Nxe7 15. Qh4 Nc6 16. Qxd8 Rxd8 17. Be4 Ne7 18. Rad1 Rf8 19. Bxb7 1-0

[Event "Danmarksmesterskabet 2022"]
[Site "Svendborg"]
[Date "2022.04.17"]
[Round "9"]
[White "Haubro, Martin"]
[Black "Percivaldi, Martin"]
[Result "1-0"]
[WhiteElo "2391"]
[BlackElo "2399"]
[PlyCount "77"]
[EventDate "2022.04.09"]
[EventType "tourn"]
[EventRounds "9"]
[EventCountry "DEN"]

1. e4 e6 2. d4 d5 3. Nc3 Nf6 4. e5 Nfd7 5. f4 c5 6. Nf3 Nc6 7. Be3 a6 8. Ne2 b5
9. c3 Be7 10. h4 h5 11. f5 cxd4 12. cxd4 exf5 13. Qc2 Nb4 14. Qd2 Nb6 15. b3
Be6 16. a3 Nc6 17. Bg5 b4 18. a4 Na5 19. Rb1 Rc8 20. Nf4 Rc3 21. Bxa6 Nxb3 22.
Qd1 Na5 23. O-O Qc7 24. Bb5+ Kf8 25. Bxe7+ Qxe7 26. Ng5 Rh6 27. Rf3 Qc7 28. Qe1
Ke7 29. Rxc3 Qxc3 30. Qxc3 bxc3 31. Rc1 Nb3 32. Rxc3 Nxd4 33. Rc7+ Kf8 34. a5
Nxb5 35. Nfxe6+ Ke8 36. Nxg7+ Kf8 37. Rxf7+ Kg8 38. axb6 Rxb6 39. Nxh5 1-0

[Event "Danmarksmesterskabet 2022"]
[Site "Svendborg"]
[Date "2022.04.17"]
[Round "9"]
[White "Ochsner, Bjorn Moller"]
[Black "Thybo, Jesper Sondergaard"]
[Result "1/2-1/2"]
[WhiteElo "2506"]
[BlackElo "2559"]
[PlyCount "131"]
[EventDate "2022.04.09"]
[EventType "tourn"]
[EventRounds "9"]
[EventCountry "DEN"]

1. e4 e5 2. Nf3 Nc6 3. Bb5 Nf6 4. O-O Nxe4 5. d4 Nd6 6. Bxc6 dxc6 7. dxe5 Nf5
8. Qxd8+ Kxd8 9. Rd1+ Ke8 10. Nc3 a5 11. h3 a4 12. Bf4 Bb4 13. Ne4 Be6 14. c3
Be7 15. Re1 h6 16. g4 Nh4 17. Nxh4 Bxh4 18. Bg3 Bxg3 19. Nxg3 g5 20. a3 Ke7 21.
Rad1 Rhd8 22. f3 Rxd1 23. Rxd1 Ra5 24. Re1 Rb5 25. Re2 Bc4 26. Nf5+ Ke8 27. Rd2
Rxe5 28. Nxh6 Be6 29. Ng8 f5 30. Nf6+ Ke7 31. Nh5 f4 32. h4 Bf7 33. Ng7 Kf6 34.
Nf5 Bg6 35. hxg5+ Kxg5 36. Nd4 c5 37. Ne2 Bd3 38. Kf2 Bxe2 39. Rxe2 Rd5 40. c4
Rd4 41. Re5+ Kg6 42. Rxc5 Rd2+ 43. Ke1 Rxb2 44. Rxc7 Rb3 45. Ke2 Re3+ 46. Kf2
Rxa3 47. Rxb7 Ra2+ 48. Ke1 Rc2 49. Ra7 Rxc4 50. Ra5 Rd4 51. Ke2 Kf6 52. Ke1 Ke6
53. Ke2 Kd6 54. g5 Ke6 55. g6 Kf6 56. Ra6+ Kg7 57. Kf1 Rd3 58. Kg2 a3 59. Kh3
Rxf3+ 60. Kg4 Rb3 61. Kxf4 Rb1 62. Rxa3 Rf1+ 63. Rf3 Rg1 64. Rg3 Rf1+ 65. Rf3
Rg1 66. Rg3 1/2-1/2

[Event "Danmarksmesterskabet 2022"]
[Site "Svendborg"]
[Date "2022.04.17"]
[Round "9"]
[White "Hoi, Carsten"]
[Black "Schandorff, Lars"]
[Result "0-1"]
[WhiteElo "2359"]
[BlackElo "2475"]
[PlyCount "52"]
[EventDate "2022.04.09"]
[EventType "tourn"]
[EventRounds "9"]
[EventCountry "DEN"]

1. d4 Nf6 2. Nf3 d5 3. c4 e6 4. Nc3 Bb4 5. a3 Bxc3+ 6. bxc3 Ne4 7. Qc2 b6 8. e3
O-O 9. Bd3 Ba6 10. O-O Nc6 11. Ne5 Nxe5 12. dxe5 Nc5 13. Bxh7+ Kh8 14. Rd1 g6
15. Bxg6 fxg6 16. cxd5 exd5 17. c4 Bxc4 18. Bb2 Kh7 19. Rd4 Qg5 20. g3 Ne6 21.
Rh4+ Kg7 22. e4 Rh8 23. f4 Qe7 24. f5 Qc5+ 25. Kh1 Rxh4 26. gxh4 Qe3 0-1

[Event "Danmarksmesterskabet 2022"]
[Site "Svendborg"]
[Date "2022.04.17"]
[Round "9"]
[White "Sylvan, Jacob"]
[Black "Boe Olsen, Filip"]
[Result "1/2-1/2"]
[WhiteElo "2319"]
[BlackElo "2402"]
[PlyCount "40"]
[EventDate "2022.04.09"]
[EventType "tourn"]
[EventRounds "9"]
[EventCountry "DEN"]

1. e4 c5 2. Nf3 d6 3. d4 cxd4 4. Nxd4 Nf6 5. Nc3 a6 6. Bg5 Nbd7 7. Qe2 h6 8.
Bh4 g6 9. f4 e5 10. fxe5 dxe5 11. O-O-O Qc7 12. Nb3 b5 13. Rxd7 Nxd7 14. Nd5
Qa7 15. Na5 Bd6 16. Bf2 Qb8 17. Nc6 Qb7 18. Na5 Qb8 19. Nc6 Qb7 20. Na5 Qb8
1/2-1/2

[Event "Danmarksmesterskabet 2022"]
[Site "Svendborg"]
[Date "2022.04.17"]
[Round "9"]
[White "Borge, Nikolaj"]
[Black "Bjerre, Jonas Buhl"]
[Result "0-1"]
[WhiteElo "2403"]
[BlackElo "2611"]
[PlyCount "80"]
[EventDate "2022.04.09"]
[EventType "tourn"]
[EventRounds "9"]
[EventCountry "DEN"]

1. e4 c5 2. Nf3 d6 3. d4 cxd4 4. Nxd4 Nf6 5. Nc3 a6 6. h3 e5 7. Nde2 h5 8. g3
Be6 9. Bg2 b5 10. O-O Nbd7 11. a4 b4 12. Nd5 Nxd5 13. exd5 Bf5 14. c3 Rb8 15.
cxb4 Rxb4 16. Qe1 Qb8 17. Bd2 Rc4 18. b4 Be7 19. Nc1 O-O 20. Nb3 Bd8 21. Qe2
Rxb4 22. Bxb4 Qxb4 23. Nc1 Nc5 24. Qxh5 Bc2 25. Qg4 e4 26. Ra2 Bxa4 27. Nd3
Nxd3 28. Bxe4 Bb5 29. Rd1 Qb3 30. Ra3 Qxa3 31. Qh5 f5 32. Bxf5 Rxf5 33. Qxf5
Qb2 34. Qe6+ Kh8 35. Rxd3 Qb1+ 36. Kh2 Qxd3 37. Qc8 Qxd5 38. Qxd8+ Kh7 39. Qh4+
Kg6 40. Qg4+ Kf7 0-1